<?xml version="1.0" encoding="UTF-8"?>
<record
    xmlns:xsi="http://www.w3.org/2001/XMLSchema-instance"
    xsi:schemaLocation="http://www.loc.gov/MARC21/slim http://www.loc.gov/standards/marcxml/schema/MARC21slim.xsd"
    xmlns="http://www.loc.gov/MARC21/slim">

  <leader>02966nam a2200457Ii 4500</leader>
  <controlfield tag="001">DIGVISR0154</controlfield>
  <controlfield tag="003">NyNyDIG</controlfield>
  <controlfield tag="008">140613s2013    sp      ob    000 0 spa d</controlfield>
  <controlfield tag="006">m     o  d        </controlfield>
  <controlfield tag="007">cr |||||||||||</controlfield>
  <datafield tag="035" ind1=" " ind2=" ">
    <subfield code="a">(OCoLC)893649058</subfield>
  </datafield>
  <datafield tag="040" ind1=" " ind2=" ">
    <subfield code="a">DGITA</subfield>
    <subfield code="b">eng</subfield>
    <subfield code="e">rda</subfield>
    <subfield code="e">pn</subfield>
    <subfield code="c">DGITA</subfield>
  </datafield>
  <datafield tag="020" ind1=" " ind2=" ">
    <subfield code="z">9788498951455 (v. 2)</subfield>
  </datafield>
  <datafield tag="020" ind1=" " ind2=" ">
    <subfield code="z">8498951453 (v. 2)</subfield>
  </datafield>
  <datafield tag="043" ind1=" " ind2=" ">
    <subfield code="a">e-sp---</subfield>
  </datafield>
  <datafield tag="050" ind1="1" ind2="4">
    <subfield code="a">PQ6064 eBook</subfield>
  </datafield>
  <datafield tag="245" ind1="0" ind2="0">
    <subfield code="a">Estudios sobre la recepci&#xF3;n y el canon de la literatura espa&#xF1;ola </subfield>
    <subfield code="n"> II. </subfield>
    <subfield code="p">La poes&#xED;a del Siglo de Oro en el siglo de las luces /</subfield>
    <subfield code="c">Jos&#xE9; Lara Garrido, Bel&#xE9;n Molina Huete (editores).</subfield>
  </datafield>
  <datafield tag="246" ind1="3" ind2="0">
    <subfield code="a">Poes&#xED;a del Siglo de Oro en el siglo de las luces.</subfield>
  </datafield>
  <datafield tag="264" ind1=" " ind2="1">
    <subfield code="a">Madrid :</subfield>
    <subfield code="b">Visor Libros,</subfield>
    <subfield code="c">[2013]</subfield>
  </datafield>
  <datafield tag="300" ind1=" " ind2=" ">
    <subfield code="a">1 online resource (479 pages)</subfield>
  </datafield>
  <datafield tag="336" ind1=" " ind2=" ">
    <subfield code="a">text</subfield>
    <subfield code="b">txt</subfield>
    <subfield code="2">rdacontent</subfield>
  </datafield>
  <datafield tag="337" ind1=" " ind2=" ">
    <subfield code="a">computer</subfield>
    <subfield code="b">c</subfield>
    <subfield code="2">rdamedia</subfield>
  </datafield>
  <datafield tag="338" ind1=" " ind2=" ">
    <subfield code="a">online resource</subfield>
    <subfield code="b">cr</subfield>
    <subfield code="2">rdacarrier</subfield>
  </datafield>
  <datafield tag="490" ind1="1" ind2=" ">
    <subfield code="a">Biblioteca filol&#xF3;gica hispana ;</subfield>
    <subfield code="v">145</subfield>
  </datafield>
  <datafield tag="505" ind1="0" ind2=" ">
    <subfield code="a">Presentaci&#xF3;n -- Pose&#xED;a espa&#xF1;ola del Siglo de Oro en el primer Setecientos italiano: alrededor de Mirtilo y Elpino / Giuseppe Mazzocchi y Andrea Baldissera -- Poes&#xED;a del Siglo de Oro a la luz del Buen Gusto: el Parnaso espa&#xF1;ol de L&#xF3;pez de Sedano / Bel&#xE9;n Molina Huete -- Petrarquismo y naci&#xF3;n po&#xE9;tica. El Siglo de Oro en dos antolog&#xED;as del siglo XVIII: Poesie di ventidue autori spagnuoli del Cinquecento de J. F. Masdeu y Scelta di poesie castigliane de G. B. Conti / M.a Rita Coli -- Aminta en el Parnaso: Forner y los poetas del Siglo de Oro / Clara Marias Mart&#xED;nez -- Francisco de la Torre por Quevedo: interferencias de su recepci&#xF3;n en el siglo del Buen Gusto / Soledad P&#xE9;rez-Abadin Barro -- Primer Quintana y la poes&#xED;a del Siglo de Oro. Arqueolog&#xED;a cr&#xED;tica de los pr&#xF3;logos a la Colecci&#xF3;n Fern&#xE1;ndez (1795-1797) / Jos&#xE9; Lara Garrido -- Ediciones de poes&#xED;a del Siglo de Oro en la prensa de la Ilustraci&#xF3;n: Semanario de Salamanca (1793-1798) y Correo de Sevilla (1803-1808) / Fernando Dur&#xE1;n L&#xF3;pez.</subfield>
  </datafield>
  <datafield tag="504" ind1=" " ind2=" ">
    <subfield code="a">Includes bibliographical references.</subfield>
  </datafield>
  <datafield tag="588" ind1="0" ind2=" ">
    <subfield code="a">Online resource; title from ePub and PDF title page (Digitalia, viewed June 13, 2014)</subfield>
  </datafield>
  <datafield tag="650" ind1=" " ind2="0">
    <subfield code="a">Spanish poetry</subfield>
    <subfield code="y">Classical period, 1500-1700</subfield>
    <subfield code="x">History and criticism.</subfield>
  </datafield>
  <datafield tag="650" ind1=" " ind2="0">
    <subfield code="a">Spanish poetry</subfield>
    <subfield code="y">18th century</subfield>
    <subfield code="x">History and criticism.</subfield>
  </datafield>
  <datafield tag="650" ind1=" " ind2="0">
    <subfield code="a">Reader-response criticism</subfield>
    <subfield code="z">Spain</subfield>
    <subfield code="x">History</subfield>
    <subfield code="y">18th century.</subfield>
  </datafield>
  <datafield tag="655" ind1=" " ind2="0">
    <subfield code="a">Electronic books.</subfield>
  </datafield>
  <datafield tag="700" ind1="1" ind2=" ">
    <subfield code="a">Lara Garrido, Jos&#xE9;,</subfield>
    <subfield code="e">editor.</subfield>
  </datafield>
  <datafield tag="700" ind1="1" ind2=" ">
    <subfield code="a">Molina Huete, Bel&#xE9;n,</subfield>
    <subfield code="d">1972-</subfield>
    <subfield code="e">editor.</subfield>
  </datafield>
  <datafield tag="791" ind1="2" ind2=" ">
    <subfield code="a">Digitalia (Firm),</subfield>
    <subfield code="e">distributor.</subfield>
  </datafield>
  <datafield tag="793" ind1="0" ind2=" ">
    <subfield code="g">Digitalia eBook Collection:</subfield>
    <subfield code="a">Visor Libros.</subfield>
  </datafield>
  <datafield tag="776" ind1="0" ind2="8">
    <subfield code="i">Print version:</subfield>
    <subfield code="t">Estudios sobre la recepci&#xF3;n y el canon de la literatura espa&#xF1;ola.</subfield>
    <subfield code="d">Madrid : Visor Libros, [2013]</subfield>
    <subfield code="w">(OCoLC)870967068</subfield>
  </datafield>
  <datafield tag="830" ind1=" " ind2="0">
    <subfield code="a">Biblioteca filol&#xF3;gica hispana ;</subfield>
    <subfield code="v">145.</subfield>
  </datafield>
  <datafield tag="856" ind1="4" ind2="0">
    <subfield code="3">Digitalia Hisp&#xE1;nica</subfield>
    <subfield code="u">https://www.digitaliapublishing.com/a/24134/</subfield>
    <subfield code="z">vol. 2</subfield>
  </datafield>
  <datafield tag="910" ind1=" " ind2=" ">
    <subfield code="a">Premium Collection: 2014</subfield>
  </datafield>
  <datafield tag="942" ind1=" " ind2=" ">
    <subfield code="c">RAA</subfield>
  </datafield>
  <datafield tag="952" ind1=" " ind2=" ">
    <subfield code="0">0</subfield>
    <subfield code="1">0</subfield>
    <subfield code="4">0</subfield>
    <subfield code="7">0</subfield>
    <subfield code="8">DEH</subfield>
    <subfield code="a">BD-UIN</subfield>
    <subfield code="b">BD-UIN</subfield>
    <subfield code="d">2025-04-25</subfield>
    <subfield code="l">0</subfield>
    <subfield code="r">2025-04-25</subfield>
    <subfield code="w">2025-04-25</subfield>
    <subfield code="y">RAA</subfield>
  </datafield>
  <datafield tag="999" ind1=" " ind2=" ">
    <subfield code="c">238160</subfield>
    <subfield code="d">238160</subfield>
  </datafield>
</record>
